<?xml version="1.0" encoding="UTF-8"?><?xml-stylesheet type="text/xsl" href="static/style.xsl"?><OAI-PMH xmlns="http://www.openarchives.org/OAI/2.0/" xmlns:xsi="http://www.w3.org/2001/XMLSchema-instance" xsi:schemaLocation="http://www.openarchives.org/OAI/2.0/ http://www.openarchives.org/OAI/2.0/OAI-PMH.xsd"><responseDate>2026-04-27T22:05:40Z</responseDate><request verb="GetRecord" identifier="oai:uvadoc.uva.es:10324/49334" metadataPrefix="marc">https://uvadoc.uva.es/oai/request</request><GetRecord><record><header><identifier>oai:uvadoc.uva.es:10324/49334</identifier><datestamp>2021-10-24T18:38:46Z</datestamp><setSpec>com_10324_38</setSpec><setSpec>col_10324_787</setSpec></header><metadata><record xmlns="http://www.loc.gov/MARC21/slim" xmlns:doc="http://www.lyncode.com/xoai" xmlns:xsi="http://www.w3.org/2001/XMLSchema-instance" xmlns:dcterms="http://purl.org/dc/terms/" xsi:schemaLocation="http://www.loc.gov/MARC21/slim http://www.loc.gov/standards/marcxml/schema/MARC21slim.xsd">
<leader>00925njm 22002777a 4500</leader>
<datafield tag="042" ind1=" " ind2=" ">
<subfield code="a">dc</subfield>
</datafield>
<datafield tag="720" ind1=" " ind2=" ">
<subfield code="a">Alonso Martín, David</subfield>
<subfield code="e">author</subfield>
</datafield>
<datafield tag="260" ind1=" " ind2=" ">
<subfield code="c">2021</subfield>
</datafield>
<datafield tag="520" ind1=" " ind2=" ">
<subfield code="a">El proyecto consiste en la ampliación de una explotación de ganado avícola de carne, de 22.000 plazas hasta 53.000 plazas. La explotación ganadera en&#xd;
cuestión se encuentra localizada en las parcelas 5.106, 5.134 y 5.109 del polígono 1, en el término municipal de Portillo (Valladolid). Para la ampliación de&#xd;
la explotación, se proyectará, la construcción de una nueva edificación de 120x20 metros, junto con el equipamiento necesario para llevar a cabo el&#xd;
proceso productivo, y de un sondeo para la extracción de agua de la masa de agua subterránea Los Arenales. Así mismo, en el mencionado proyecto se&#xd;
estudiará el proceso productivo (manejo, alimentación) del ganado avícola de carne. Para terminar, se realizará un estudio económico acerca de la&#xd;
viabilidad económica de la ampliación</subfield>
</datafield>
<datafield tag="024" ind2=" " ind1="8">
<subfield code="a">https://uvadoc.uva.es/handle/10324/49334</subfield>
</datafield>
<datafield tag="245" ind1="0" ind2="0">
<subfield code="a">Proyecto de ampliación, en explotación avícola, de 22.000 a 53.000 plazas en el término municipal de Portillo (Valladolid)</subfield>
</datafield>
</record></metadata></record></GetRecord></OAI-PMH>